Ten great mysteries by edgar allan poe / (Record no. 3981)

MARC details
000 -LEADER
fixed length control field 00834nam a22002537a 4500
001 - CONTROL NUMBER
control field 3981
003 - CONTROL NUMBER IDENTIFIER
control field FISKH
005 - DATE AND TIME OF LATEST TRANSACTION
control field 20240529100555.0
008 - FIXED-LENGTH DATA ELEMENTS--GENERAL INFORMATION
fixed length control field 240529b cb ||||| |||| 00| 0 eng d
020 ## - INTERNATIONAL STANDARD BOOK NUMBER
International Standard Book Number 9780590433440
040 ## - CATALOGING SOURCE
Original cataloging agency FISKH
Language of cataloging eng
Transcribing agency FISKH
Modifying agency FISKH
050 ## - LIBRARY OF CONGRESS CALL NUMBER
Classification number PS2612.A3
082 ## - DEWEY DECIMAL CLASSIFICATION NUMBER
Classification number 813
100 ## - MAIN ENTRY--PERSONAL NAME
Personal name Poe Allen Edgar
Dates associated with a name 1809-1849
245 ## - TITLE STATEMENT
Title Ten great mysteries by edgar allan poe /
Statement of responsibility, etc. Edgar Allen Poe
260 ## - PUBLICATION, DISTRIBUTION, ETC.
Place of publication, distribution, etc. New York :
Name of publisher, distributor, etc. Scholastic,
Date of publication, distribution, etc. 1989
300 ## - PHYSICAL DESCRIPTION
Extent 210 pages :
Dimensions 18 cm
505 ## - FORMATTED CONTENTS NOTE
Formatted contents note M<br/>
520 ## - SUMMARY, ETC.
Summary, etc. These ten absorbing stories, selected by a famed anthologist of science-fiction and the supernatural, prove that even after a century Poe's imagination still works its macabre magic.<br/>
521 8# - TARGET AUDIENCE NOTE
Target audience note M<br/>
Source Raz-plus<br/>
700 ## - ADDED ENTRY--PERSONAL NAME
Personal name Edgar Allen Poe
942 ## - ADDED ENTRY ELEMENTS (KOHA)
Source of classification or shelving scheme Dewey Decimal Classification
Koha item type Books
Suppress in OPAC No
Holdings
Withdrawn status Lost status Source of classification or shelving scheme Damaged status Not for loan Collection Home library Current library Shelving location Date acquired Total Checkouts Full call number Barcode Date last seen Copy number Price effective from Koha item type
    Dewey Decimal Classification     Fiction Footprints International School Library Network Toul Kork Campus Footprints International School Library Network Toul Kork Campus   05/29/2024   ALL PS2612.A3 813 2024-0735 05/29/2024 1 05/29/2024 Books